[Event "45th Olympiad 2024"]
[Site "Budapest HUN"]
[Date "2024.09.11"]
[Round "1.65"]
[Board "3"]
[White "Tsephe, Lebajoa"]
[Black "Hossain, Enamul"]
[Result "0-1"]
[WhiteElo "1900"]
[BlackElo "2354"]
[PlyCount "90"]
[EventDate "2024.09.11"]
[WhiteTeam "Lesotho"]
[BlackTeam "Bangladesh"]
[WhiteTeamCountry "LES"]
[BlackTeamCountry "BAN"]

1. d4 d5 2. c4 c5 3. e3 cxd4 4. exd4 Nf6 5. Nc3 g6 6. Qb3 Bg7 7. cxd5 O-O 8. Be2 Nbd7 9. Bf3 Nb6 10. a4 a5 11. Nge2 Bg4 12. Bxg4 Nxg4 13. O-O ({RR} 13. Bf4 Nf6 14. d6 exd6 15. O-O Re8 16. Rfe1 Nh5 17. Be3 Rc8 18. Rad1 h6 19. Qb5 Ra8 20. d5 Nd7 21. Qxb7 Ne5 22. Nf4 Rb8 23. Qa6 Qg5 24. Nd3 Qh4 25. Nxe5 Bxe5 26. h3 Rxb2 27. Ne2 Qxa4 {½-½ Gaponenko,I (2469)-Hou,Y (2578) EU-Cup (Women) 15th 2010 (5.2)}) 13... Nf6 14. Nf4 Qd6 15. Nd3 $146 ({RR} 15. Be3 g5 16. Nd3 Ng4 17. Ne5 Bxe5 18. dxe5 Qxe5 19. g3 Nxe3 20. Rfe1 Nbxd5 21. Nxd5 Qxd5 22. Qxe3 e6 23. Rad1 Qf5 24. Qb6 Rac8 25. Rd2 Rc4 26. Qxb7 Rxa4 27. Rde2 h6 28. Re5 Qf6 29. Qc7 Rb4 {½-½ Tishin,P (2477)-Grishchenko,S (2282) RUS Central Region-ch 2004 (7)}) ({RR} 15. Be3 Rfd8 16. Nb5 Qd7 17. d6 exd6 18. d5 Nc8 19. Rac1 Ne8 20. Bd4 Bh6 21. Be3 Bg7 22. h3 Be5 23. Nd3 Bg7 24. Bg5 f6 25. Be3 g5 26. Nd4 Ne7 27. Ne6 Rdb8 28. Bb6 Ra6 29. f4 Kh8 {1-0 Lishoy Gengis Paratazham,D (1969)-Kilambi,V (1865) English Open 2024 (2.34)}) ({RR} 15. Rd1 Rfc8 {½-½ Van Beers,E (2323)-Schalkx,J (2220) Ghent IM 3rd 2001 (9)}) 15... Nbxd5 16. Nb5 Qd8 17. Bf4 Nxf4 18. Nxf4 Bh6 19. Qf3 Rc8 20. Nd3 Qd5 21. Qe2 Rfe8 22. f4 Bg7 23. Rfe1 e6 24. Ne5 Red8 25. Qd2 Bf8 26. Qd3 Bb4 27. Rec1 Qe4 28. Qxe4 Nxe4 29. g3 Nd2 30. Rd1 Rc2 31. Nd3 Nf3+ 32. Kf1 Nxh2+ 33. Kg1 Nf3+ 34. Kf1 Nd2+ 35. Kg1 Ne4 36. g4 h5 37. gxh5 gxh5 38. Rac1 Re2 39. Nxb4 axb4 40. Re1 Ng3 41. Rb1 Rc2 42. Re3 h4 43. Rb3 Kh7 44. Re1 Rg8 45. Re5 h3 0-1

[Event "45th Olympiad 2024"]
[Site "Budapest HUN"]
[Date "2024.09.11"]
[Round "1.66"]
[Board "1"]
[White "Ziska, Helgi Dam"]
[Black "Mathurin, Nathaniel"]
[Result "0-1"]
[WhiteElo "2553"]
[BlackElo "1982"]
[PlyCount "77"]
[EventDate "2024.09.11"]
[WhiteTeam "Faroe Islands"]
[BlackTeam "Saint Lucia"]
[WhiteTeamCountry "FAI"]

1. Nf3 Nf6 2. g3 g6 3. Bg2 Bg7 4. O-O O-O 5. c4 c6 6. d3 d5 7. Qb3 dxc4 $146 ({RR} 7... a5 8. Nc3 Na6 9. Be3 dxc4 10. dxc4 Nd7 11. Rad1 Qc7 12. Na4 e5 13. Ng5 Rb8 14. c5 Nf6 15. Qb6 Nd5 16. Bxd5 cxd5 17. Rxd5 Qe7 18. Qd6 Qe8 19. Nb6 Be6 20. Nxe6 fxe6 21. Rdd1 Rd8 22. Qxd8 {1-0 Kuzubov,Y (2642)-Janaszak,D (2348) Titled Tuesday intern op 16th Mar blitz 2021 (3)}) ({RR} 7... Na6 8. cxd5 cxd5 9. d4 Qb6 10. Qxb6 axb6 11. Nc3 e6 12. Ne5 Nd7 13. f4 Nxe5 14. dxe5 Bd7 15. Rd1 Nc5 16. Be3 Rfc8 17. Bd4 b5 18. b4 Na4 19. Nxa4 bxa4 20. Rac1 a3 21. e4 Ba4 22. Re1 {½-½ Kuzubov,Y (2699)-Duda,J (2717) Wch Blitz Riadh 2017 (10)}) ({RR} 7... Qb6 8. Qxb6 axb6 9. cxd5 Nxd5 10. Nbd2 Bg4 11. Nc4 b5 12. Nce5 Bxf3 13. Nxf3 Nd7 14. Rd1 Nc5 15. Nd2 Na4 16. Bxd5 cxd5 17. Rb1 Rfc8 18. Nb3 Rc2 19. Rd2 Rac8 20. Rxc2 Rxc2 21. d4 e5 22. e3 {1-0 Kuzhylnyi,O (2248)-Jodar Arias,M (2189) Titled Tue 16th Jul Early 2024 (3)}) ({RR} 7... Qb6 8. Be3 Qa6 9. Nc3 dxc4 10. dxc4 Be6 11. Nd2 Nbd7 12. a4 Ne5 13. Nb5 cxb5 14. axb5 Qd6 15. Bxb7 Rab8 16. Ra6 Qc7 17. Rxa7 Rxb7 {0-1 Valles Moreno,I (2412)-Kamsky,G (2665) C'Chartres Blitz op 2020 (6)}) 8. Qxc4 Nbd7 9. Nbd2 Qa5 10. Qc2 Nb6 11. h3 Rd8 12. Nb3 Qa4 13. Bd2 Be6 14. Rfc1 Nfd7 15. Na5 Rab8 16. b3 Qa3 17. Rab1 h6 18. d4 Nf6 19. e4 Ne8 20. Qc5 Qxa2 21. Qc3 Qa3 22. Bf4 g5 23. Bxb8 Rxb8 24. Ra1 Qd6 25. Nc4 Nxc4 26. bxc4 c5 27. e5 cxd4 28. Qa5 Qd8 29. Qxa7 d3 30. Rab1 Qc7 31. Qe3 Rd8 32. Nd2 Bxe5 33. Rxb7 Bd4 34. Qf3 Qc5 35. Rb3 Bd5 36. Qxd3 Bxf2+ 37. Kh2 Nf6 38. Rf1 Bxg3+ 39. Qxg3 0-1

[Event "45th Olympiad 2024"]
[Site "Budapest HUN"]
[Date "2024.09.11"]
[Round "1.66"]
[Board "2"]
[White "Gabriel, Sixtus"]
[Black "Nielsen, Hogni Egilstoft"]
[Result "0-1"]
[WhiteElo "1800"]
[BlackElo "2379"]
[PlyCount "88"]
[EventDate "2024.09.11"]
[WhiteTeam "Saint Lucia"]
[BlackTeam "Faroe Islands"]
[BlackTeamCountry "FAI"]

1. e4 {Postny,Evgeny} e5 2. Nf3 Nc6 3. d4 exd4 4. Nxd4 Nf6 5. Nxc6 bxc6 6. e5 Qe7 7. Qe2 Nd5 8. c4 Nb6 ({RR} 8... Ba6) 9. Nc3 a5 ({RR} 9... Qe6) 10. f4 ({RR} 10. Bd2 a4 ({RR} 10... Ba6) 11. O-O-O ({RR} 11. Qe4 g6 ({RR} 11... Qe6 12. Bd3 Ba6 13. b3 d5 14. exd6 cxd6 15. O-O ({RR} 15. Be3 Qxe4 16. Bxe4 d5 17. Bxb6 Bb4 18. O-O-O Bxc3 19. cxd5 cxd5 20. Bxd5) 15... Qxe4 16. Bxe4 d5) 12. Bd3 Bg7 13. O-O O-O 14. Rae1 d5 15. exd6 Qxd6 16. Qf3 Bf5 17. Bxf5 Qxd2 18. Re2 Qd4) 11... Ba6 12. Qe4 Qe6 13. f4 g6 ({RR} 13... Bxc4 14. f5) 14. g4 Bb4 ({RR} 14... Qxg4 15. e6 ({RR} 15. Be3) 15... fxe6 ({RR} 15... Qxe6 16. Qd4) 16. Qe5 Rg8 17. Qxc7 ({RR} 17. Ne4 Be7 18. Qxc7 Qf3) 17... Nxc4 18. Ne4 Be7 19. Bxc4 ({RR} 19. Bb4 e5) 19... Bxc4 20. Bb4 e5 ({RR} 20... Bd5 21. Bxe7 Kxe7 22. Qd6+ Kf7 23. Qxd7+ Kf8 24. Qd6+ Kg7 25. Qe5+) 21. Bxe7 ({RR} 21. Qxe5 Qe6) 21... Qxf4+ 22. Rd2 Be6) 15. f5 Qe7 16. Bd3 Qc5 ({RR} 16... Bxc4 17. Bxc4 Bxc3 18. Bxc3 d5 19. exd6 Qxe4 20. Rhe1 Qxe1 21. Rxe1+ Kd7 22. Bxf7) 17. e6 ({RR} 17. Be3 Qa5 18. Ne2) 17... fxe6 18. fxe6 O-O-O 19. Be3 ({RR} 19. a3 Bxa3 20. bxa3 Qxa3+ 21. Kb1 Qb3+ 22. Ka1 Bxc4) 19... Qa5 20. Bxb6 ({RR} 20. Ne2 Rhe8) 20... cxb6 21. exd7+ Kb7 ({RR} 21... Kxd7 22. c5 Bxd3 23. Rxd3+ Kc7 24. Qe7+ Kc8 25. Qe6+ Kb7) 22. Nb5 ({RR} 22. Qd4 Qg5+ 23. Kb1 Bc5 24. Qe4 Rxd7 25. Nxa4) 22... Rxd7 23. a3 Bf8 ({RR} 23... Bc5 24. Be2 Rhd8 ({RR} 24... Re7 25. Qxc6+) 25. Rxd7+ Rxd7 26. Rd1 Rxd1+ 27. Kxd1) 24. Rhf1 Re7 {½-½ Radjabov,T (2670)-Adams,M (2731) FIDE-Wch k.o. 2004 (6.3)}) ({RR} 10. Qe4) 10... a4 ({RR} 10... Ba6 11. Qf3 g6 12. c5 Qxc5 13. Be3 Qb4 14. Bxa6 Qxb2 15. O-O Qxc3 16. Rac1 Qa3 17. Rxc6 Rxa6 18. Rxc7 Be7 19. Bxb6 Qxf3 20. Rc8+ Bd8 21. Rxd8+ Ke7 22. Rxf3 Rxd8 23. Bxd8+ {½-½ Sun,Y (2102)-Chen,H (2269) Chinese Youth U20 2024 (9.4)}) 11. Be3 Qe6 $146 ({RR} 11... Qb4 12. a3 Qb3 13. Rc1 Ba6 14. Bxb6 Qxb6 15. Nxa4 Qb3 16. Nc3 Rb8 17. Nd1 Qa2 18. Rc3 Be7 19. f5 Bc5 20. Rg3 Qb1 21. Rxg7 Qxf5 22. h4 Rb3 23. Rg5 Qb1 24. Rh3 Rxh3 25. gxh3 Be7 26. Rg4 {0-1 Zhou,Y (2323)-Hebden,M (2546) BCF-chT1c 1011 (4NCL) Promotion pool 2010 (10.11)}) ({RR} 11... Ba6 12. Bxb6 cxb6 13. O-O-O Qb4 14. Ne4 O-O-O 15. a3 Qb3 16. Kb1 Bxc4 17. Qxc4 Qxd1+ 18. Ka2 Qb3+ 19. Qxb3 axb3+ 20. Kxb3 Be7 21. g3 f6 22. exf6 gxf6 23. g4 h5 24. gxh5 Rxh5 25. Ng3 Rd5 26. Bc4 {0-1 Cuellar,D (2124)-Espinoza Palomino,W (2295) Pan American-ch U20 2011 (3)}) 12. Kf2 Be7 13. Qd3 O-O 14. Be2 f6 15. exf6 Bxf6 16. Rhe1 Rb8 17. Rad1 d6 18. Bd4 Bxd4+ 19. Qxd4 c5 20. Qd3 Bb7 21. Nd5 Nxd5 22. Bf3 Nxf4 23. Rxe6 Nxd3+ 24. Rxd3 Bxf3 25. gxf3 Rxb2+ 26. Re2 Rxe2+ 27. Kxe2 Rf4 28. Rc3 Rd4 29. Ke3 Kf7 30. Rc2 Ke6 31. Rg2 g6 32. Rg4 Rxg4 33. fxg4 Ke5 34. h4 c6 35. h5 g5 36. h6 d5 37. a3 dxc4 38. Kd2 Kd4 39. Kc2 c3 40. Kc1 Kd3 41. Kd1 c2+ 42. Kc1 c4 43. Kb2 Kd2 44. Ka2 c3 0-1

[Event "45th Olympiad 2024"]
[Site "Budapest HUN"]
[Date "2024.09.11"]
[Round "1.67"]
[Board "1"]
[White "Kamara, Ansumana"]
[Black "Gascon Del Nogal, Jose Rafael"]
[Result "0-1"]
[WhiteElo "1876"]
[BlackElo "2454"]
[PlyCount "106"]
[EventDate "2024.09.11"]
[WhiteTeam "Sierra Leone"]
[BlackTeam "Venezuela"]
[WhiteTeamCountry "SIE"]
[BlackTeamCountry "VEN"]

1. e4 c5 2. Nf3 d6 3. d4 cxd4 4. Nxd4 Nf6 5. Nc3 Nc6 6. Be3 Ng4 7. Qd2 Nxe3 8. fxe3 ({RR} 8. Qxe3 a6 9. O-O-O e6 10. Kb1 Be7 11. Qg3 O-O 12. Nb3 b5 13. f4 Qc7 14. Bd3 b4 15. Na4 e5 16. fxe5 Nxe5 17. Nd4 Re8 18. Nf5 Bxf5 19. exf5 Qc6 20. b3 Bf6 21. Rhe1 d5 22. Qf4 Nxd3 {0-1 Mujic,H (2270)-Nutu Gajic,D (2310) Tuzla 1991 (5)}) 8... g6 ({RR} 8... Bd7 9. Bc4 Ne5 10. Bb3 g6 11. O-O Bg7 12. Nf3 O-O 13. h3 Rc8 14. Nxe5 Bxe5 15. Rf3 Qa5 16. Raf1 e6 17. Qf2 f6 18. Ne2 Rf7 19. Nd4 Bxd4 20. exd4 Rcf8 21. d5 e5 22. g4 Kg7 23. c4 {½-½ Vargosko,J (1640)-Benci,J (1624) SVK-ch U14 Stara Lubovna 2022 (8)}) 9. O-O-O Bg7 10. h3 $146 ({RR} 10. Bc4 O-O 11. h3 a6 12. g4 Ne5 13. Bd5 Rb8 14. Rdg1 b5 15. h4 e6 16. Bb3 Bb7 17. a3 Qa5 18. h5 b4 19. axb4 Qa1+ 20. Nb1 Bxe4 21. hxg6 Bxg6 22. Qh2 a5 23. Nf5 exf5 24. gxf5 Nf3 {0-1 Nigmatov,O-Capone,N (1824) Wch U10 Kemer 2009 (4)}) ({RR} 10. Bc4 Ne5 11. Bb3 Bd7 12. Rhf1 O-O 13. Nf3 Rc8 14. Nd5 Nc4 15. Bxc4 Rxc4 16. Nd4 b5 17. Rf2 e6 18. Nc3 Qb6 19. h4 Rfc8 20. Qd3 Be8 21. g4 b4 22. Nb1 Qa5 23. Qb3 Ba4 24. Qd3 Bxc2 {0-1 Rata,A (1666)-Lehaci,M (2188) ROM-ch U18 Girls 2021 (5)}) 10... h5 11. Kb1 a6 12. a3 Ne5 13. Nd5 e6 14. Nc3 Qc7 15. Be2 Bd7 16. Nf3 Ke7 17. Nd4 b5 18. Na2 Rab8 19. Nb4 Rb6 20. Rhf1 Rc8 21. c3 a5 22. Na2 Qb7 23. Bd3 Kf8 24. Ka1 Kg8 25. Qe2 Ra8 26. Rb1 Bc6 27. Nxc6 Qxc6 28. Rbc1 Qb7 29. Kb1 Nc6 30. Kc2 b4 31. cxb4 axb4 32. Nxb4 Nxb4+ 33. axb4 Rxb4 34. Kd1 Rxb2 35. Bc2 Raa2 36. Qd3 Rxc2 37. Rxc2 Qb1+ 38. Kd2 Rxc2+ 39. Qxc2 Qxf1 40. Qc6 Qxg2+ 41. Kd3 Qf1+ 42. Kd2 Qf2+ 43. Kd3 Qe1 44. Qe8+ Bf8 45. Qa4 d5 46. exd5 exd5 47. Qe8 Qh4 48. Qc8 Qc4+ 49. Qxc4 dxc4+ 50. Kxc4 Kg7 51. Kd5 Kf6 52. e4 g5 53. Kd4 Ke6 0-1

[Event "45th Olympiad 2024"]
[Site "Budapest HUN"]
[Date "2024.09.11"]
[Round "1.67"]
[Board "2"]
[White "Ynojosa Aponte, Felix Jose"]
[Black "Winston Gerald, Mansfield Thomas"]
[Result "1-0"]
[WhiteElo "2398"]
[BlackElo "1950"]
[PlyCount "79"]
[EventDate "2024.09.11"]
[WhiteTeam "Venezuela"]
[BlackTeam "Sierra Leone"]
[WhiteTeamCountry "VEN"]
[BlackTeamCountry "SIE"]

1. c4 Nf6 2. Nc3 d6 3. d4 c6 4. e4 Qa5 5. f3 e5 6. d5 ({RR} 6. Be3 Be7 7. Qd2 a6 8. Nge2 b5 9. Nc1 O-O 10. a3 Qc7 11. d5 bxc4 12. Bxc4 Bb7 13. N1e2 Nbd7 14. Rc1 c5 15. O-O Nb6 16. Ba2 a5 17. b4 axb4 18. axb4 c4 19. Qb2 Nfd7 20. Nb5 Qb8 {1-0 Alvarez Fernandez,C (2331)-Garcia Carey,O (2326) Guillermo Garcia Memorial-D 28th 2019 (3)}) 6... cxd5 $146 ({RR} 6... c5 7. Bd3 Be7 8. Qa4+ Qxa4 9. Nxa4 h6 10. a3 Bd7 11. Bc2 Nh7 12. Ne2 O-O 13. O-O b5 14. cxb5 Bxb5 15. Nac3 Bd7 16. Rb1 a5 17. Na4 Bb5 18. Rf2 Nd7 19. Nec3 Ba6 20. b4 axb4 21. axb4 {1-0 Eckardt,S (1764)-Budde,U (1818) Ruhrgebiet Verbandsklasse Gruppe 2 1516 2015 (3.6)}) ({RR} 6... Be7 7. Be3 Nbd7 8. Qa4 Qxa4 9. Nxa4 c5 10. Bd3 Bd8 11. Ne2 h6 12. g4 Nh7 13. Ng3 Bh4 14. Ke2 Bxg3 15. hxg3 f6 16. a3 Nb6 17. Nc3 Bd7 18. b4 Rc8 19. bxc5 dxc5 20. Rhb1 Ng5 21. Nb5 {1-0 Schnell,S (1891)-Hoyos Bedoya,N (1669) 4th Panama Open 2023 (9.18)}) ({RR} 6... Be7 7. Be3 c5 8. Bd3 Na6 9. Nge2 Bd7 10. O-O Nc7 11. Bd2 Qa6 12. a4 b6 13. Qb3 Rb8 14. Ra3 Qb7 15. Qc2 O-O 16. Ng3 Na6 17. Be3 Nb4 18. Qe2 Nxd3 19. Qxd3 a6 20. Rb1 b5 21. b4 {0-1 Daamen,F-Vogelenzang,P NED Open-ch13 1982 (5)}) 7. cxd5 a6 8. Be3 Nbd7 9. a3 Be7 10. Nge2 O-O 11. g4 b5 12. Qd2 Qc7 13. Ng3 Nc5 14. Rd1 Nb3 15. Qc2 Na5 16. g5 Ne8 17. h4 Nc4 18. Bc1 f6 19. Nf5 Bxf5 20. exf5 Rc8 21. Ne4 Qb7 22. Qg2 Qa7 23. Qe2 Bd8 24. h5 fxg5 25. h6 Rc7 26. b3 Na5 27. Be3 Qb7 28. Qd3 Rd7 29. Bxg5 Nf6 30. hxg7 Rff7 31. Bxf6 Bxf6 32. Rh6 Kxg7 33. Rxf6 Rxf6 34. Qd2 Rxf5 35. Bh3 Rxf3 36. Bxd7 Qxd7 37. Qg2+ Kh8 38. Qxf3 h6 39. Qf8+ Kh7 40. Nf6+ 1-0

[Event "45th Olympiad 2024"]
[Site "Budapest HUN"]
[Date "2024.09.11"]
[Round "1.67"]
[Board "3"]
[White "Adeshole Beckley, Brian"]
[Black "Escalona Landi, Samid Eduardo"]
[Result "0-1"]
[WhiteElo "1814"]
[BlackElo "2305"]
[PlyCount "43"]
[EventDate "2024.09.11"]
[WhiteTeam "Sierra Leone"]
[BlackTeam "Venezuela"]
[WhiteTeamCountry "SIE"]
[BlackTeamCountry "VEN"]

1. d4 Nf6 2. c4 g6 3. Nc3 Bg7 4. e4 d6 5. Be2 O-O 6. Nf3 Nbd7 7. O-O e5 8. dxe5 dxe5 9. Bg5 h6 10. Bxf6 ({RR} 10. Be3 c6 11. h3 Qc7 12. Qd2 Kh7 13. Rfd1 Re8 14. b4 Nf8 15. c5 Be6 16. Qc2 Red8 17. Rxd8 Rxd8 18. Rd1 Rxd1+ 19. Qxd1 Qd7 20. Nxe5 Qxd1+ 21. Bxd1 Nxe4 22. Nxg6 Nxc3 23. Nxf8+ Bxf8 24. Bc2+ Kg8 {0-1 Semenenko,D-Vila Dupla,A (2042) Titled Tue 10th Sep Late 2024 (2)}) 10... Qxf6 11. Nd5 Qd8 12. Nd2 $146 ({RR} 12. Qc2 c6 13. Ne3 Qe7 14. Rfd1 Re8 15. Rab1 a5 16. Qa4 Nc5 17. Qc2 Ne6 18. Nf1 Nd4 19. Nxd4 exd4 20. Bd3 Be5 21. b3 c5 22. a4 Kg7 23. Qd2 Qg5 24. Qxg5 hxg5 25. Nd2 Bd7 26. Nf3 f6 {0-1 Raths,A-Schlieder,R DDR-ch06 Final 1955 (16)}) ({RR} 12. Qc2 c6 13. Ne3 Qe7 14. Rad1 a5 15. Rd2 Nc5 16. Re1 f5 17. exf5 gxf5 18. Nf1 e4 19. Nd4 Bd7 20. Nb3 Be6 21. Nd4 Bd7 22. Nb3 Ne6 23. Red1 Be8 24. Ng3 a4 25. Nc1 c5 26. Rd5 Nd4 {0-1 Magrin,A (2200)-Martinovic,S (2475) Caorle op 1981 (3)}) ({RR} 12. Qc2 c6 13. Nc3 Nc5 14. Rad1 Qe7 15. b4 Ne6 16. c5 Nd4 17. Qb2 Be6 18. Nd2 b5 19. Bd3 a5 20. a3 f5 21. Bb1 axb4 22. axb4 f4 23. f3 Kh8 24. Bd3 g5 25. Ra1 Rad8 26. Be2 h5 {0-1 Mares,I (1813)-Rosko,L (2321) Hradec Kralove op 2012 (1)}) 12... c6 13. Nc3 a5 14. Qc2 Nc5 15. Rad1 Ne6 16. Nf3 Qe7 17. Rfe1 Nf4 18. Na4 Bg4 19. c5 Rad8 20. Rxd8 Rxd8 21. Rd1 Rxd1+ 22. Qxd1 0-1

[Event "45th Olympiad 2024"]
[Site "Budapest HUN"]
[Date "2024.09.11"]
[Round "1.67"]
[Board "4"]
[White "Castro Torres, Jose Luis"]
[Black "Moses Ina Ebenezer Conteh"]
[Result "1-0"]
[WhiteElo "2299"]
[BlackElo "1631"]
[PlyCount "13"]
[EventDate "2024.09.11"]
[WhiteTeam "Venezuela"]
[BlackTeam "Sierra Leone"]
[WhiteTeamCountry "VEN"]
[BlackTeamCountry "SIE"]

1. e4 c6 2. d4 d5 3. e5 Bf5 4. h4 h6 5. g4 Bh7 6. e6 fxe6 ({RR} 6... Qd6 7. exf7+ Kxf7 8. f4 Nf6 9. Nf3 Nxg4 10. Bh3 h5 11. Ne5+ Ke8 12. Bxg4 hxg4 13. Qxg4 Nd7 14. Qh5+ g6 15. Qe2 Qf6 16. Be3 Bg8 17. Nd2 Rxh4 18. Rg1 Nxe5 19. fxe5 Qh8 20. O-O-O Be6 21. Rxg6 {½-½ Malaniuk,V (2610)-Kohlweyer,B (2420) Geneve op 1997 (3)}) 7. g5 $146 ({RR} 7. f4 Be4 8. Nf3 Qb6 9. c3 Nd7 10. Bd3 Bxd3 11. Qxd3 O-O-O 12. Ne5 Nxe5 13. fxe5 Kb8 14. b4 Qc7 15. a4 a6 16. b5 a5 17. bxc6 Qxc6 18. O-O Qe8 19. Nd2 g5 20. h5 Bg7 21. Rb1 Qxa4 {1-0 Prokesova,J-Molnarova,D CZE-ch U14 Girls 1993 (9)}) ({RR} 7. Nf3 Nf6 8. Ne5 Nbd7 9. h5 Nxe5 10. dxe5 Nd7 11. f4 Qa5+ 12. Qd2 Qa4 13. Bd3 Nc5 14. Bxh7 Rxh7 15. Nc3 Qa5 16. Qe3 O-O-O 17. Qd2 g6 18. hxg6 Rg7 19. Rxh6 Rg8 20. Rh4 Rxg6 21. Ne2 Qb6 {0-1 Reshef,O (2464)-Tarhan,A (2462) Titled Tue 14th May Early 2024 (5)}) 1-0

[Event "45th Olympiad 2024"]
[Site "Budapest HUN"]
[Date "2024.09.11"]
[Round "1.68"]
[Board "1"]
[White "Ashiku, Franc"]
[Black "Bhakta Bahadur Monger"]
[Result "1-0"]
[WhiteElo "2400"]
[BlackElo "1911"]
[PlyCount "63"]
[EventDate "2024.09.11"]
[WhiteTeam "Albania"]
[BlackTeam "Bhutan"]
[WhiteTeamCountry "ALB"]
[BlackTeamCountry "BTN"]

1. d4 Nf6 2. Nf3 e6 3. Bf4 d5 4. e3 Bd6 5. Nbd2 c5 6. Bg3 Nc6 7. c3 a6 8. Bd3 Ne7 $146 ({RR} 8... Bxg3 9. hxg3 c4 10. Bc2 Qd6 11. e4 dxe4 12. Nxe4 Nxe4 13. Bxe4 Bd7 14. Qe2 b5 15. Ne5 Rc8 16. f4 Nxe5 17. fxe5 Qe7 {½-½ Bornet,R (2007)-Turian,H (1914) St Veit op-B 37th 2018 (3)}) ({RR} 8... Qe7 9. Ne5 Qc7 10. f4 Ne7 11. Bh4 b6 12. O-O Bb7 13. Qf3 h5 14. Rac1 b5 15. Qg3 Rg8 16. Qh3 Rh8 17. Qf3 Nf5 18. Bxf5 exf5 19. Bxf6 gxf6 20. Nd3 c4 21. Nf2 Qd7 22. Qh3 O-O-O 23. Nf3 {0-1 Grachev,B (2652)-Zubov,A (2601) EU-ch blitz Minsk 2015 (15.3)}) ({RR} 8... c4 9. Bc2 Qc7 10. e4 dxe4 11. Nxe4 Nxe4 12. Bxe4 h6 13. O-O O-O 14. Bxd6 Qxd6 15. Re1 f5 16. Bxc6 Qxc6 17. Re5 Rd8 18. Qe2 Rd5 19. Re1 Bd7 20. Re3 Qc7 21. Ne5 Bb5 22. Ng6 e5 23. Nxe5 {1-0 Voicu,C (2271)-Gombocz,Z (2061) Olympiad Women 2024 (5.22)}) ({RR} 8... c4 9. Bc2 b5 10. O-O Bb7 11. e4 dxe4 12. Nxe4 Nxe4 13. Bxe4 f5 14. Bc2 O-O 15. Qe2 Qd7 16. Bxd6 Qxd6 17. Rfe1 Rae8 18. Rad1 Qd5 19. Qf1 Rf6 20. Nd2 Rg6 21. f3 Rf8 22. b3 Ne7 23. Re5 {0-1 Lapadatu,T-Misiejuk,Z IBCA blind Olympiad 04th prel-C 1972 (3.4)}) 9. e4 Bxg3 10. hxg3 cxd4 11. Nxd4 e5 12. N4f3 Bg4 13. Qc2 Nc6 14. exd5 Qxd5 15. Ne4 O-O-O 16. Nxf6 gxf6 17. Be4 Qc5 18. Bf5+ Bxf5 19. Qxf5+ Kb8 20. O-O Qe7 21. Rfe1 h5 22. Rad1 Qe6 23. Rxd8+ Nxd8 24. Nd4 Qxf5 25. Nxf5 Kc7 26. f3 Ne6 27. Kf2 Nc5 28. Ke2 Rg8 29. Rh1 Rg5 30. Ne3 Kd6 31. f4 Rxg3 32. Nf5+ 1-0

[Event "45th Olympiad 2024"]
[Site "Budapest HUN"]
[Date "2024.09.11"]
[Round "1.68"]
[White "Mahendra Gurung"]
[Black "Pasko, Llambi"]
[Result "0-1"]
[WhiteElo "1725"]
[BlackElo "2396"]
[PlyCount "62"]
[EventDate "2024.09.11"]
[WhiteTeam "Bhutan"]
[BlackTeam "Albania"]
[WhiteTeamCountry "BTN"]
[BlackTeamCountry "ALB"]

1. e4 e5 2. Nf3 Nc6 3. Bb5 a6 4. Be2 Nf6 5. d3 ({RR} 5. Nc3 d5 6. exd5 Nxd5 7. d3 Be7 8. O-O O-O 9. Re1 Re8 10. Bf1 Bb4 11. Bd2 Bg4 12. h3 Bh5 13. a3 Nxc3 14. bxc3 Bc5 15. g4 Bg6 16. Ng5 Bb6 17. Bg2 f6 18. Ne4 Rb8 19. Qf3 Rf8 {0-1 Plenkovic,Z (2418)-Kuljasevic,D (2548) CRO-chT1A 27th 2018 (6.44)}) ({RR} 5. Nc3 d6 6. h3 Be6 7. d3 d5 8. O-O d4 9. Nb1 Be7 10. c3 h6 11. b3 Qd7 12. Kh2 g5 13. Ng1 O-O-O 14. a4 Na5 15. Nd2 dxc3 16. Nb1 Nxb3 17. Ra2 Nxc1 18. Rc2 Nxe2 19. Nxe2 Bb3 {0-1 Mazurkova,V-Lickova,A (1016) CZE-ch U10 Girls 2022 (7)}) 5... d5 6. Bg5 $146 ({RR} 6. exd5 Nxd5 7. Bd2 Be7 8. h3 O-O 9. O-O f5 10. Nc3 Nf6 11. Bg5 h6 12. Bxf6 Bxf6 13. Rb1 Be6 14. a3 Qe7 15. Qc1 Rad8 16. Rd1 Rd7 17. b3 e4 18. dxe4 Bxc3 19. Rxd7 Qxd7 20. exf5 Rxf5 {½-½ Harnden,T (1500)-Ten Wolde,B (1718) Guernsey Holiday op 2002 (1)}) ({RR} 6. Nbd2 g6 7. O-O Bg7 8. c3 O-O 9. Qc2 b6 10. Re1 Bb7 11. Bf1 Re8 12. a3 Qd6 13. b4 Rad8 14. Bb2 h6 15. Rad1 Kh7 16. Nb3 Qe6 17. a4 dxe4 18. dxe4 Rxd1 19. Qxd1 Nb8 20. Nbd2 Nbd7 {½-½ Maier,M-Krallmann,M (2270) Dortmund op-A 1992 (6)}) 6... dxe4 7. Bxf6 Qxf6 8. dxe4 Qg6 9. Nbd2 Be6 10. g3 Rd8 11. c3 Be7 12. Qa4 O-O 13. O-O Bg4 14. Qc2 Qh5 15. Bd1 Rd6 16. Ne1 Rh6 17. Ndf3 f5 18. h4 g5 19. exf5 gxh4 20. Kg2 hxg3 21. fxg3 Qh3+ 22. Kf2 Bc5+ 23. Ke2 Qxg3 24. Qb3+ Kh8 25. Kd2 Qf4+ 26. Kc2 Bxf5+ 27. Nd3 Bxd3+ 28. Kxd3 Rd8+ 29. Kc2 Qe4+ 30. Kc1 Be3+ 31. Nd2 Bxd2# 0-1

[Event "45th Olympiad 2024"]
[Site "Budapest HUN"]
[Date "2024.09.11"]
[Round "1.68"]
[Board "3"]
[White "Mehmeti, Dritan"]
[Black "Suk Raj Monger"]
[Result "1-0"]
[WhiteElo "2364"]
[BlackElo "1821"]
[PlyCount "43"]
[EventDate "2024.09.11"]
[WhiteTeam "Albania"]
[BlackTeam "Bhutan"]
[WhiteTeamCountry "ALB"]
[BlackTeamCountry "BTN"]

1. d4 Nf6 2. Bg5 d5 3. Nd2 h6 4. Bh4 Nc6 ({RR} 4... Bf5 5. e3 e6 6. Ngf3 Be7 7. c4 O-O 8. Qb3 Nc6 9. Be2 Na5 10. Qa4 Nxc4 11. Nxc4 dxc4 12. Qxc4 Ne4 13. Bxe7 Qxe7 14. O-O c5 15. Rfd1 cxd4 16. Nxd4 Bg6 17. Rac1 Rfd8 18. f3 Nd6 19. Qb4 {1-0 Artemiev,V (2704)-Firouzja,A (2759) Aimchess US Rapid KO 2021 (2.33)}) ({RR} 4... Bf5 5. e3 e6 6. Ngf3 c5 7. Bb5+ Nc6 8. Ne5 Qb6 9. a4 a6 10. Bxc6+ bxc6 11. O-O cxd4 12. exd4 Qxd4 13. Bxf6 gxf6 14. Nef3 Qxb2 15. Nh4 Qxc2 16. Qe1 Bb4 17. Nxf5 Qxd2 18. Ng7+ Ke7 19. Qb1 {1-0 Maksimovic,B (2499)-Huston,G (2347) Titled Tue 13th Aug Late 2024 (2)}) 5. e3 a6 $146 ({RR} 5... Bf5 6. Ngf3 Qd7 7. Bb5 Qd6 8. a3 O-O-O 9. Bg3 Qe6 10. h3 Qd7 11. Rc1 e6 12. Qe2 Bd6 13. Bxd6 Qxd6 14. Bxc6 Qxc6 15. Ne5 Qe8 16. O-O Ne4 17. Nxe4 Bxe4 18. f3 f6 19. Ng4 Bh7 20. c4 {1-0 Davies,G (1380)-Gamare,S South Wales New Year Major 2020 (5)}) ({RR} 5... g5 6. Bg3 Bf5 7. c3 Bg7 8. Bb5 a6 9. Ba4 b5 10. Bc2 Ne4 11. Nxe4 Bxe4 12. Bxe4 dxe4 13. Qg4 Qd5 14. Bxc7 e5 15. dxe5 O-O 16. Bd6 Rfd8 17. Qd1 Qe6 18. Qc2 Nxe5 19. Bxe5 Qxe5 20. Ne2 {1-0 Llonch Mur,J (2119)-Lafuente Ruiz,J (1658) Llinars del Valles Tardor op 3rd 2011 (5)}) 6. Ngf3 Bg4 7. c4 e6 8. Rc1 Bb4 9. a3 Bxd2+ 10. Qxd2 g5 11. Bg3 Ne4 12. Qc2 h5 13. Ne5 Nxe5 14. Bxe5 Nf6 15. cxd5 exd5 16. Qxc7 Qxc7 17. Rxc7 Rh6 18. h4 gxh4 19. f3 Bc8 20. Rxh4 Nd7 21. Bf4 Rh7 22. Bd3 1-0